000 00768nam a2200205Ii 4500
003 JO-AjNU
008 230605s9999||||xx |||||||||||||| ||und||
040 _aJO-AjNU
_bara
_erda
_cJO-AjNU
041 _aara
050 1 4 _aQA11.A2846 2003
100 3 _aابو زينة، فريد كامل ,
_eauthor
_957693
245 0 0 _aمناهج الرياضيات المدرسية وتدريسها
250 _aط2
264 3 1 _aالكويت: مكتبة الفلاح للنشر والتوزيع،2003
300 _a362ص
_bببليوجرافيا 362
336 _atext
_btxt
_2rdacontent
337 _aunmediated
_bn
_2rdamedia
338 _avolume
_bnc
_2rdacarrier
650 4 _aالتعلم-التربيه-الرياضيات-اساليب التعلم-التدريس
_957694
999 _aA25869
_c29437
_d29437